000 00647nam a2200241Ia 4500
003 OSt
005 20221007103553.0
006 a|||||r|||| 00| 0
007 ta
008 221006b |||||||| |||| 00| 0 eng d
024 _a13,502
037 _cTextual
040 _aLCO
_cLCO
_beng
041 _2eng
_aeng
082 _aZ73,181, L8
100 _aWasserstein Bruce
_9321086
245 0 _aCorporate Finance Law
260 _aNew
_bYork McGraw Hill Book Company U.S.A.
_c1978
300 _a296
650 _aCorporate Finance Law
_9705244
942 _hZ73,181, L8
_cTEXL
999 _c1183065
_d1183065